Una publicación para el usuario / (Record no. 56984)

MARC details
000 -LEADER
campo de control de longitud fija 00544nam a2200157 i 4500
001 - NÚMERO DE CONTROL
campo de control 56984
003 - IDENTIFICADOR DE NÚMERO DE CONTROL
campo de control ES-MaACL
005 - FECHA Y HORA DE LA ÚLTIMA TRANSACCIÓN
campo de control 20230906163506.0
007 - CAMPO FIJO DE DESCRIPCIÓN FÍSICA--INFORMACIÓN GENERAL
campo de control de longitud fija t|
008 - DATOS DE LONGITUD FIJA--INFORMACIÓN GENERAL
campo de control de longitud fija 031014s1978 sp ||||1| spa d
110 1# - ENTRADA PRINCIPAL--NOMBRE DE ENTIDAD CORPORATIVA
Nombre de entidad corporativa o nombre de jurisdicción como elemento de entrada España.
Unidad subordinada Dirección General de Teatro y Espectáculos.
9 (RLIN) 3786
245 14 - MENCIÓN DEL TÍTULO
Título Una publicación para el usuario /
Mención de responsabilidad, etc. Dirección General de Teatro y Espectáculos.
260 ## - PUBLICACIÓN, DISTRIBUCIÓN, ETC.
Lugar de publicación, distribución, etc. [Madrid] :
Nombre del editor, distribuidor, etc. Ministerio de Cultura, Secretaría General Técnica,
Fecha de publicación, distribución, etc. [1978]
300 ## - DESCRIPCIÓN FÍSICA
Extensión 90 p., 7 lám. ;
Dimensiones 19 cm.
852 ## - LOCALIZACIÓN
Ubicación ES-MaACL
Número de control de estantería A-8955
Sublocalización o colección R.98365
Holdings
Estatus retirado Estado de pérdida Estado de daño No para préstamo Biblioteca de origen Biblioteca actual Ubicación en estantería Fecha de adquisición Fuente de adquisición Total de préstamos Signatura topográfica completa Código de barras Visto por última vez Precio de reemplazo Tipo de ítem Koha
        Biblioteca del Ateneo de Madrid Biblioteca del Ateneo de Madrid Depósito 1 17/01/2008     A-8955 1059838 23/02/2023 23/02/2023 Libro impreso